Věda a lidstvo 1984 mezinárodní ročenka

Saved in:
Bibliographic Details
Format: Book
Language:Czech
Published: Praha Horizont 1983
Tags: Add Tag
No Tags, Be the first to tag this record!

MARC

LEADER 00000nam a2200000 4500
001 c118877
005 20221207071048.3
041 0 |a cze 
044 |a CZ 
245 1 0 |a Věda a lidstvo 1984  |b mezinárodní ročenka 
264 1 |a Praha  |b Horizont  |c 1983 
300 |a 290 s.